University Home | Library Home | Institutional Repository

The sultans / (Record no. 93846)

MARC details
000 -LEADER
fixed length control field 00811cam4a220026500 4500
001 - CONTROL NUMBER
control field lce00858628
008 - FIXED-LENGTH DATA ELEMENTS--GENERAL INFORMATION
fixed length control field 731227s1973 nyua b 001 0 eng
010 ## - LIBRARY OF CONGRESS CONTROL NUMBER
LC control number 73007925 //r89
020 ## - INTERNATIONAL STANDARD BOOK NUMBER
International Standard Book Number 671-21624-4
020 ## - INTERNATIONAL STANDARD BOOK NUMBER
Terms of availability
-- .95
035 ## - SYSTEM CONTROL NUMBER
System control number (Sirsi) r47751
035 ## - SYSTEM CONTROL NUMBER
System control number (DLC) 73007925 //r89
035 ## - SYSTEM CONTROL NUMBER
System control number (UPRA)lce00858628
040 ## - CATALOGING SOURCE
Modifying agency UPRA
043 ## - GEOGRAPHIC AREA CODE
Geographic area code a-tu---
050 0# - LIBRARY OF CONGRESS CALL NUMBER
Classification number DR 486 Bar 1973
Item number .B38
082 ## - DEWEY DECIMAL CLASSIFICATION NUMBER
Classification number 949.6/00992
100 1# - MAIN ENTRY--PERSONAL NAME
Personal name Barber, Noel, 1909-
Dates associated with a name Barber, Noel, 1909-
Linkage A5834.1
245 14 - TITLE STATEMENT
Title The sultans /
Statement of responsibility, etc. [by] Noel Barber.
260 ## - PUBLICATION, DISTRIBUTION, ETC.
Place of publication, distribution, etc. New York :
Name of publisher, distributor, etc. Simon and Schuster,
Date of publication, distribution, etc. [1973]
504 ## - BIBLIOGRAPHY, ETC. NOTE
Bibliography, etc. note Bibliography: p. 293-296.
651 #0 - SUBJECT ADDED ENTRY--GEOGRAPHIC NAME
Geographic name Turkey -- History.
General subdivision Turkey -- History.
Linkage S4241.1
949 ## - LOCAL PROCESSING INFORMATION (OCLC)
a DR 486 Bar 1973
w lcc
c 1
i 33729000053657
m MAIN
p 2500
t BOOK
l ON-SHELF

No items available.

© 2026 - The University of Zambia Library - Koha v25.11